Central Library OPAC University of Rajshahi

Sir Francis Drake / (Record no. 7095)

MARC details
000 -LEADER
fixed length control field 01196cam a2200337 4500
001 - CONTROL NUMBER
control field 7095
003 - CONTROL NUMBER IDENTIFIER
rucl marc code BD-RjUL
005 - DATE AND TIME OF LATEST TRANSACTION
control field 20211208234350.0
008 - FIXED-LENGTH DATA ELEMENTS--GENERAL INFORMATION
fixed length control field 140113s1972 enkabch b 001 0beng
020 ## - INTERNATIONAL STANDARD BOOK NUMBER
International Standard Book Number 0436520494
035 ## - SYSTEM CONTROL NUMBER
System control number (BD-RjUL)7137
040 ## - CATALOGING SOURCE
Original cataloging agency DLC
Transcribing agency DLC
Modifying agency DLC
-- BD-RjUL
Language of cataloging eng
041 ## - LANGUAGE CODE
Language code of text/sound track or separate title eng
082 00 - DEWEY DECIMAL CLASSIFICATION NUMBER
Classification number 942.0550924
Author mark and year THS 1972
100 1# - MAIN ENTRY--PERSONAL NAME
Personal name Thomson, George Malcolm,
Dates associated with a name 1899-1996.
9 (RLIN) 22216
245 00 - TITLE STATEMENT
Title Sir Francis Drake /
Statement of responsibility, etc. George Malcolm Thomson.
260 ## - PUBLICATION, DISTRIBUTION, ETC. (IMPRINT)
Place of publication, distribution, etc. London :
Name of publisher, distributor, etc. Secker and Warburg,
Date of publication, distribution, etc. 1972.
300 ## - PHYSICAL DESCRIPTION
Pagination x, 358, [17] p. :
Illustrations illus., facsims., maps, ports. (incl. 1 col.) ;
Size 25 cm.
350 ## - PRICE (NR) (BK AM CF MU VM SE) [OBSOLETE]
Price £3.50
500 ## - GENERAL NOTE
General note Maps on lining papers.
504 ## - BIBLIOGRAPHY, ETC. NOTE
Bibliography, etc Bibliography: p. 343-349.
600 10 - SUBJECT ADDED ENTRY--PERSONAL NAME
Personal name Drake, Francis,
Dates associated with a name 1540?-1596.
650 #0 - SUBJECT ADDED ENTRY--TOPICAL TERM
Topical term or geographic name as entry element Voyages around the world
General subdivision History
Chronological subdivision 16th century.
9 (RLIN) 22218
Topical term or geographic name as entry element Explorers
Geographic subdivision Great Britain
Form subdivision Biography.
9 (RLIN) 22219
Topical term or geographic name as entry element Admirals
Geographic subdivision Great Britain
Form subdivision Biography.
9 (RLIN) 22220
651 #0 - SUBJECT ADDED ENTRY--GEOGRAPHIC NAME
Geographic name Great Britain
General subdivision History, Naval
Chronological subdivision Tudors, 1485-1603
Form subdivision Biography.
9 (RLIN) 22221
Geographic name Great Britain
General subdivision History
Chronological subdivision Elizabeth, 1558-1603
Form subdivision Biography.
9 (RLIN) 22222
942 ## - ADDED ENTRY ELEMENTS (KOHA)
Source of classification or shelving scheme Dewey Decimal Classification
Koha item type Books
Holdings
Lost status Source of classification or shelving scheme Damaged status Not for loan Permanent Location Current Location Shelving location Date acquired Source of acquisition Cost, normal purchase price Total Checkouts Full call number Date last seen Copy number Koha item type
  Dewey Decimal Classification   Not For Loan Central Library, University of Rajshahi Central Library, University of Rajshahi   15/05/1974 Oxford univ.press 77.00   942.0550924 THS 1972 13/01/2014 C-1 Books